rozpoznaj państwo na podstawach granicy z innym państwem (Geomex) - Statystyki

Ogólne statystyki
  • Ten quiz został rozwiązany 140 razy
  • Średni wynik to 5 z 7
Statystyki odpowiedzi
Hint Odpowiedź % Poprawnych
Państwo Które Graniczy z Litwa Estonia Białoruś Rosja To Łotwa
97%
Rumunia Ukraina Mołdawia
94%
Państwo Które Graniczy z Palestyna Jordania Syria Liban Egipt TO Izrael
88%
Grecja Bługaria Gruzja Azerbejdzan Armenia Iran Syria Irak Turcja
85%
Chorwacja Serbia Czarnogura BośniaI hercegowina
82%
szwajcaria Austriasłowenia Francja Włochy
77%
Hoduras Gwatemala San Salwador
9%
Nie znaleziono quizów pasujących do podanych kryteriów
Rozkład punktacji
Procent ludzi z każdym wynikiem
Percentyl według liczby udzielonych odpowiedzi
Twoja historia wyników
Nie rozwiązałeś tego quizu